Catálogo
 En Linea

Metodología de la investigación en salud / (Registro nro. 10452)

Detalles MARC
000 -CABECERA
campo de control de longitud fija 01029nam a2200265 a 4500
001 - NÚMERO DE CONTROL
campo de control 000010697
005 - FECHA Y HORA DE LA ÚLTIMA TRANSACCIÓN
campo de control 20240307073945.0
008 - DATOS DE LONGITUD FIJA--INFORMACIÓN GENERAL
campo de control de longitud fija 091009s1988 dr 001 0 spa d
040 ## - FUENTE DE LA CATALOGACIÓN
Centro catalogador/agencia de origen DO-SdBNP
082 ## - NÚMERO DE LA CLASIFICACIÓN DECIMAL DEWEY
Número de clasificación xxxxx
Número de documento/Ítem P123m.
049 ## - FONDOS LOCALES (OCLC)
Fondos de biblioteca BNPD
100 1# - ENTRADA PRINCIPAL--NOMBRE DE PERSONA
Nombre de persona Padilla, Josefina
9 (RLIN) 20425
245 10 - MENCIÓN DE TÍTULO
Título Metodología de la investigación en salud /
Mención de responsabilidad, etc. Josefina Padilla, Ricardo Corporán, Vincent Batista; prólogo Julio A. Ravelo Astacio.
250 ## - MENCIÓN DE EDICIÓN
Mención de edición 2a. ed.
260 ## - PUBLICACIÓN, DISTRIBUCIÓN, ETC.
Lugar de publicación, distribución, etc. Santo Domingo :
Nombre del editor, distribuidor, etc. UASD,
Fecha de publicación, distribución, etc. 1988.
300 ## - DESCRIPCIÓN FÍSICA
Extensión v. ;
Dimensiones 11.
490 1# - MENCIÓN DE SERIE
Mención de serie Publicaciones de la Universidad Autónoma de Santo Domingo
Designación de volumen o secuencia 547.
Mención de serie Salud y sociedad
-- 11.
500 ## - NOTA GENERAL
Nota general La biblioteca posee el v. 1
504 ## - NOTA DE BIBLIOGRAFÍA, ETC.
Nota de bibliografía, etc. Incluye bibliografía (p. 36 -38)
700 1# - PUNTO DE ACCESO ADICIONAL--NOMBRE DE PERSONA
Nombre de persona Corporán, Ricardo
9 (RLIN) 25897
700 1# - PUNTO DE ACCESO ADICIONAL--NOMBRE DE PERSONA
Nombre de persona Batista, Vicent
9 (RLIN) 25898
700 1# - PUNTO DE ACCESO ADICIONAL--NOMBRE DE PERSONA
Nombre de persona Ravelo Astacio, Julio A.
Término indicativo de función/relación pról.
9 (RLIN) 25899
710 1# - PUNTO DE ACCESO ADICIONAL--NOMBRE DE ENTIDAD CORPORATIVA
Nombre de entidad corporativa o nombre de jurisdicción como elemento de entrada Universidad Autónoma de Santo Domingo
9 (RLIN) 72951
830 #0 - PUNTO DE ACCESO ADICIONAL DE SERIE-TÍTULO UNIFORME
Título uniforme Publicaciones de la Universidad Autónoma de Santo Dominogo
Designación de volumen o secuencia 547
Nombre de parte o sección de la obra Salud y sociedad
Número de parte o sección de la obra 11
9 (RLIN) 25900
Existencias
Estado de retiro Estado de pérdida No para préstamo Código de colección Localización permanente Ubicación/localización actual Ubicación en estantería Fecha de adquisición Número de inventario Total de préstamos Signatura topográfica completa Código de barras Fecha visto por última vez Precio válido a partir de Tipo de ítem Koha Número de copia Restricciones de uso
    Excluido de préstamo Patrimonio Dominicano Patrimonio Dominicano Patrimonio Dominicano En catalogación 09.10.2009 LF1   xxxxx P123m. 10697-10 25.06.2020 25.06.2020 Libro y Folleto Colección Patrimonio Dominicano    
    Excluido de préstamo Patrimonio Dominicano Patrimonio Dominicano Patrimonio Dominicano En catalogación 09.10.2009 LF1   xxxxx P123m. 10697-20 25.06.2020 25.06.2020 Libro y Folleto Colección Patrimonio Dominicano e. 2  
      Dominicana de Servicio Patrimonio Dominicano Patrimonio Dominicano En catalogación 12.10.2009 LF1   xxxxx P123m. 10697-30 25.06.2020 25.06.2020 Libro y Folleto Colección Dominicana de Servicio e. 3 Préstamo interno
      Dominicana de Servicio Patrimonio Dominicano Patrimonio Dominicano En catalogación 12.10.2009 LF1   xxxxx P123m. 10697-40 25.06.2020 25.06.2020 Libro y Folleto Colección Dominicana de Servicio e. 4 Préstamo interno

Con tecnología Koha